000 00713nam a2200241Ia 4500
003 OSt
005 20221005125504.0
006 a|||||r|||| 00| 0
007 ta
008 221004b |||||||| |||| 00| 0 eng d
024 _a42793
037 _cTextual
040 _aCRL
_cCRL
_beng
041 _2eng
_aeng
082 _aO122,3N07,5, K2 close sec
100 _aBarret Andre
_9636751
245 0 _aPersonnages des albums d'Herge dans Tintin et le mystere de la Tioson d'or
260 _c1962
650 _aFRENCH LITERATURE
_913614
700 _a Forlani Remo
_9636752
942 _hO122,3N07,5, K2 close sec
_cTEXL
_2cc
999 _c1054167
_d1054167